2026 World Cup - Morocco Squad - Statistics

General Stats
  • This quiz has been taken 6 times
  • The average score is 13 of 26
Answer Stats
Hint Club Pos Answer % Correct
PSG Paris_Saint-Germain_F.C..svg DF Achraf Hakimi
100%
Real Madrid Real_Madrid_CF.svg FW Brahim Diaz
100%
Al-Hilal Al_Hilal_SFC_Logo.svg GK Yassine Bounou
100%
Manchester United Manchester_United_FC_crest.svg DF Noussair Mazraoui
83%
Real Betis Real_betis_logo.svg FW Abde Ezzalzouli
67%
Olympiacos Olympiacos_FC_crest.svg FW Ayoub El Kaabi
67%
Girona Girona_FC_Logo.svg MF Azzedine Ounahi
67%
Sunderland Logo_Sunderland.svg FW Chemsdine Talbi
67%
PSV PSV_Eindhoven.svg MF Ismael Saibari
67%
Marseille Olympique_de_Marseille_2026_logo.svg DF Nayef Aguerd
67%
Real Betis Real_betis_logo.svg MF Sofyan Amrabat
67%
PSV PSV_Eindhoven.svg DF Anass Salah-Eddine
50%
Lille Lille_OSC_2018_logo.svg MF Ayyoub Bouaddi
50%
Stuttgart VfB_Stuttgart_1893_Logo.svg MF Bilal El Khannouss
50%
Crystal Palace Crystal_Palace_FC_logo_(2022).svg DF Chadi Riad
50%
Fulham Fulham_FC_%28shield%29.svg DF Issa Diop
50%
Roma AS_Roma_logo_(2017).svg MF Neil El Aynaoui
50%
Al-Ain Al_Ain_FC_logo_2024.png FW Soufiane Rahimi
50%
Strasbourg Racing_Club_de_Strasbourg_logo.svg MF Gessime Yassine
33%
Mechelen KV_Mechelen_logo.svg DF Redouane Halhal
33%
Genk Logo_KRC_Genk.png DF Zakaria El Ouahdi
33%
AS FAR AS_FAR_logo.png GK Ahmed Reda Tagnaouti
17%
Strasbourg Racing_Club_de_Strasbourg_logo.svg MF Samir El Mourabet
17%
Eintracht Frankfurt Eintracht_Frankfurt_crest.svg FW Ayoube Amaimouni
0%
RS Berkane RS_Berkane_%28logo%29.png GK Munir El Kajou
0%
Al Ahly Al_Ahly_SC_logo.svg DF Youssef Belammari
0%
No matching quizzes found
Score Distribution
Percent of People with Each Score
Percentile by Number Answered
Your Score History
You have not taken this quiz